| 000 | 00972nam a2200265 i 4500 | ||
|---|---|---|---|
| 001 | bg | ||
| 100 | 1 | _aPAŻUS, Zbigniew | |
| 245 | 1 | 0 |
_aSzczegółowa pozioma i wysokościowa osnowa geodezyjna i przeliczenia współrzędnych między układami / _c[Ryszard Pażus] ; Główny Geodeta Kraju. |
| 250 | _aWyd. 5 zm. | ||
| 260 |
_aWarszawa : _bGłówny Urząd Geodezji i Kartografii, _c2001. |
||
| 300 |
_a36 s. ; _c24 cm + _eCD ROM. |
||
| 490 | 1 |
_aInstrukcja Techniczna ; _vG-2 |
|
| 650 | 9 | _aGeodezja | |
| 655 | _aInstrukcje | ||
| 710 | 0 | _aGłówny Geodeta Kraju | |
| 830 | _aInstrukcja Techniczna ; | ||
| 020 | _a8323914729 | ||
| 040 | _cBPK | ||
| 041 | 0 | _apol | |
| 080 | _a528.3/.4(083.1) | ||
| 920 | _a83-239-1472-9 | ||
| 942 | _cKA | ||
| 008 | s pl f |000 0 pol | ||
| 999 |
_c35162 _d35162 |
||
| 856 |
_uhttp://koha.tu.koszalin.pl/cgi-bin/koha/opac-detail.pl?biblionumber=35162 _yKatalog online BPK |
||